Handbook of modern office management and administrative services.

Guardat en:
Dades bibliogràfiques
Altres autors: Heyel, Carl, 1908- (ed.)
Format: Llibre
Idioma:English
Publicat: New York, McGraw-Hill [c1972]
Matèries:
LEADER 00899nam a2200229 4500
001 c000038948
003 CARM
005 00000000000000.0
008 711208s1972 nyua 00000 eng
019 1 |a 23847981  |z 545386  |5 LACONCORD2021 
020 |a 0070286302 
035 |a (OCoLC)213315  |5 LACONCORD2021 
050 0 0 |a HF5547  |b .H3215 
245 0 0 |a Handbook of modern office management and administrative services.  |c Carl Heyel, editor-in-chief. 
260 |a New York,  |b McGraw-Hill  |c [c1972] 
300 |a 1 v. (various pagings)  |b illus.  |c 23 cm. 
650 0 |a Office management  |x Handbooks, manuals, etc. 
700 1 |a Heyel, Carl,  |d 1908-  |e ed. 
852 8 |b CARM  |h A2:AI31B0  |i B04312  |p 0194892  |f BK 
082 0 4 |a 651/.02/02 
999 f f |i 6883a9e6-a4a9-58d8-9e9c-a21d8e0c021f  |s 0f4ee11e-025d-5f08-a252-d147ad4500f0 
952 f f |p Can circulate  |a CAVAL  |b CAVAL  |c CAVAL  |d CARM 1 Store  |e B04312  |f A2:AI31B0  |h Other scheme  |i book  |m 0194892